000 00477nam a2200169Ia 4500
003 GCL
008 140319s9999 xx 000 0 ara d
040 _aGCL /
_cGCL
082 0 4 _a920
_bم ع
100 1 _aمجدى سلامة
245 1 0 _aعمالقة ورواد /
_cمجدى سلامة
260 _a[S.N] :
_bالهيئة المصرية العامة للكتاب ،
_c1989
300 _a169 ص
490 _a
650 0 4 _aرفاعة الطهطاوى
942 _2ddc
_cBK
999 _c30246
_d30246